000 00569nam a22002057a 4500
005 20250529145513.0
008 250418b |||||||| |||| 00| 0 eng d
020 _a9788196192600
040 _aSDCL
_cSDCL
041 _2eng
_aeng
084 _aV2y7M91:g(Y5927) R3
100 _aBhasin, Debashish
_9752440
245 _aAmbedkar schedule caste and Indian politics
260 _aDelhi :
_bPeridot Literary Books,
_c2023.
300 _avi,312p.
650 _aCaste
650 _aPolitics
_9265771
700 _aAdapa, Chitragandha
_9752441
942 _2CC
_cTEXL
_n0
999 _c1309158
_d1309158